[Event "South Moravia Region-chT 2223"]
[Site "Czech Republic"]
[Date "2023.03.19"]
[Round "10.4"]
[White "Bures, Vit"]
[Black "Kosata, Jan"]
[Result "1-0"]
[WhiteElo "2150"]
[BlackElo "2019"]
[PlyCount "103"]
[EventDate "2022.10.09"]
[EventType "team-tourn"]
[EventRounds "11"]
[EventCountry "CZE"]
[SourceTitle "EXT 2024"]
[Source "ChessBase"]
[SourceDate "2023.10.10"]
[SourceVersion "1"]
[SourceVersionDate "2023.10.10"]
[SourceQuality "1"]

1. d4 d5 2. c4 e6 3. Nc3 Nf6 4. cxd5 exd5 5. Bg5 c6 6. e3 Nbd7 7. Bd3 Be7 8. Nf3 Nh5 9. Bxe7 Qxe7 10. 0-0 g6 11. Rb1 0-0 12. b4 Nhf6 13. h3 Ne4 14. Qc2 Re8 15. b5 Nxc3 16. Qxc3 c5 17. dxc5 Nxc5 18. Rbc1 b6 19. Rfd1 Bb7 20. Nd4 Rec8 21. Qb4 Rc7 22. Bf1 Rac8 23. Qa3 Ne6 24. Qxe7 Rxe7 25. Rxc8+ Bxc8 26. Nc6 Rd7 27. Rxd5 Rxd5 28. Ne7+ Kf8 29. Nxd5 Bb7 30. Bc4 Bxd5 31. Bxd5 Nc7 32. Bc4 Ke7 33. f4 f6 34. h4 h6 35. Kf2 Ne8 36. Kf3 Nd6 37. Bd3 Kf7 38. e4 Ke6 39. Ke3 Nb7 40. Kd4 Nc5 41. Bc4+ Kd6 42. e5+ fxe5+ 43. fxe5+ Ke7 44. Kd5 Ne6 45. Kc6 Nf4 46. g3 Nh5 47. g4 Nf4 48. Kb7 Ng2 49. h5 gxh5 50. gxh5 Nf4 51. Kxa7 Nxh5 52. Kxb6 1-0

[Event "South Moravia Region-chT 2223"]
[Site "Czech Republic"]
[Date "2023.02.26"]
[Round "9.3"]
[White "Kladnak, Martin"]
[Black "Kosata, Jan"]
[Result "1-0"]
[WhiteElo "1985"]
[BlackElo "2086"]
[PlyCount "71"]
[EventDate "2022.10.09"]
[EventType "team-tourn"]
[EventRounds "11"]
[EventCountry "CZE"]
[SourceTitle "EXT 2024"]
[Source "ChessBase"]
[SourceDate "2023.10.10"]
[SourceVersion "1"]
[SourceVersionDate "2023.10.10"]
[SourceQuality "1"]

1. e4 c5 2. Nc3 Nc6 3. Bb5 Nd4 4. Nf3 Nxb5 5. Nxb5 Nf6 6. e5 Nd5 7. 0-0 Qb6 8. c4 Nc7 9. Nxc7+ Qxc7 10. d4 cxd4 11. Qxd4 e6 12. Bf4 Bc5 13. Qd3 h6 14. h4 b6 15. Nd2 Bb7 16. Ne4 Bxe4 17. Qxe4 Qc6 18. Qd3 0-0 19. Rad1 Rad8 20. b3 Be7 21. Qg3 Kh7 22. Qd3+ Kh8 23. Qe3 Kh7 24. h5 Rg8 25. Rd3 g5 26. Bg3 f5 27. exf6 Bxf6 28. Rd6 Qb7 29. Rfd1 Rg7 30. b4 Be7 31. Qd3+ Kg8 32. Rd4 Bf6 33. Rd6 Be7 34. Be5 Bxd6 35. Bxg7 Bf8 36. Bf6 1-0

[Event "South Moravia Region-chT 2223"]
[Site "Czech Republic"]
[Date "2023.02.12"]
[Round "8.3"]
[White "Kosata, Jan"]
[Black "Skalka, Jan"]
[Result "1/2-1/2"]
[WhiteElo "2050"]
[BlackElo "1901"]
[PlyCount "117"]
[EventDate "2022.10.09"]
[EventType "team-tourn"]
[EventRounds "11"]
[EventCountry "CZE"]
[SourceTitle "EXT 2024"]
[Source "ChessBase"]
[SourceDate "2023.10.10"]
[SourceVersion "1"]
[SourceVersionDate "2023.10.10"]
[SourceQuality "1"]

1. e4 c5 2. Nf3 Nc6 3. Bb5 e6 4. 0-0 Nge7 5. Re1 Ng6 6. c3 a6 7. Bf1 Be7 8. d4 cxd4 9. cxd4 d5 10. e5 0-0 11. g3 f6 12. Bd3 f5 13. Nbd2 Nb4 14. Bb1 Bd7 15. a3 Nc6 16. b4 b5 17. Nb3 a5 18. bxa5 Nxa5 19. Nxa5 Rxa5 20. Bb2 Qa8 21. Bd3 Bxa3 22. Bxa3 Rxa3 23. Rb1 Rb8 24. Re2 b4 25. Reb2 Qa5 26. Qd2 Ne7 27. Rxb4 Rxb4 28. Rxb4 Nc6 29. Rb2 Qxd2 30. Rxd2 Nb4 31. Be2 Na2 32. Bd3 Nc1 33. Ne1 Nb3 34. Rb2 Nxd4 35. Rb7 Bc6 36. Rb6 h6 37. h4 Ra1 38. Rb1 Ra3 39. Rb4 Nf3+ 40. Nxf3 Rxd3 41. Nd4 Bd7 42. Kf1 Kf8 43. Ke2 Rc3 44. Rb6 Rc4 45. Nxe6+ Bxe6 46. Rxe6 Re4+ 47. Kd3 Kf7 48. Rd6 Rxe5 49. f4 Re1 50. Kd2 Rg1 51. Rxd5 Rxg3 52. Rxf5+ Kg6 53. Rd5 Rf3 54. h5+ Kf6 55. Rd6+ Kf5 56. Rg6 Rxf4 57. Rxg7 Rh4 58. Ke2 Rxh5 59. Kf3 1/2-1/2

[Event "South Moravia Region-chT 2223"]
[Site "Czech Republic"]
[Date "2023.01.29"]
[Round "7.3"]
[White "Kosata, Jan"]
[Black "Balaz, Frantisek"]
[Result "1/2-1/2"]
[WhiteElo "2050"]
[BlackElo "1900"]
[PlyCount "70"]
[EventDate "2022.10.09"]
[EventType "team-tourn"]
[EventRounds "11"]
[EventCountry "CZE"]
[SourceTitle "EXT 2024"]
[Source "ChessBase"]
[SourceDate "2023.10.10"]
[SourceVersion "1"]
[SourceVersionDate "2023.10.10"]
[SourceQuality "1"]

1. e4 g6 2. d4 Bg7 3. f4 d6 4. Nf3 Bg4 5. Be2 Nd7 6. 0-0 e5 7. fxe5 dxe5 8. d5 Ne7 9. h3 Bxf3 10. Bxf3 0-0 11. c4 f5 12. Nc3 Nf6 13. b3 fxe4 14. Nxe4 Nxe4 15. Bxe4 Nf5 16. Qg4 Nd6 17. Bg5 Rxf1+ 18. Rxf1 Qc8 19. Qxc8+ Rxc8 20. Bc2 Rf8 21. Rxf8+ Kxf8 22. Bd8 Ne8 23. Bg5 Bf6 24. Be3 b6 25. b4 Nd6 26. Bb3 Nf5 27. Bd2 Nd4 28. Bd1 Ke7 29. Kf1 Kd6 30. Bc3 b5 31. Bb3 bxc4 32. Bxc4 Nf5 33. Ke2 Ne7 34. Kd3 Nxd5 35. Bd2 Bh4 1/2-1/2

[Event "South Moravia Region-chT 2223"]
[Site "Czech Republic"]
[Date "2023.01.15"]
[Round "6.2"]
[White "Kosata, Jan"]
[Black "Kosut, Tomas"]
[Result "0-1"]
[WhiteElo "2056"]
[BlackElo "1871"]
[PlyCount "94"]
[EventDate "2022.10.09"]
[EventType "team-tourn"]
[EventRounds "11"]
[EventCountry "CZE"]
[SourceTitle "EXT 2024"]
[Source "ChessBase"]
[SourceDate "2023.10.10"]
[SourceVersion "1"]
[SourceVersionDate "2023.10.10"]
[SourceQuality "1"]

1. c4 e5 2. Nc3 Nf6 3. g3 g6 4. Bg2 Bg7 5. Nf3 d6 6. 0-0 0-0 7. d4 Nbd7 8. e3 c6 9. d5 Nb6 10. Nd2 cxd5 11. cxd5 Bd7 12. e4 Qc8 13. a4 Bh3 14. a5 Bxg2 15. Kxg2 Nbd7 16. Qe2 a6 17. Nc4 Qc7 18. Be3 Rac8 19. Nd2 Nc5 20. Rfc1 Qe7 21. f3 h5 22. b4 Ncd7 23. Na4 Nh7 24. Rc4 f5 25. Rac1 Rxc4 26. Qxc4 f4 27. Bg1 fxg3 28. hxg3 Bh6 29. Rc2 Bxd2 30. Rxd2 Qg5 31. Rc2 h4 32. Bh2 h3+ 33. Kf2 Qg4 34. Qe2 Qh5 35. Rc3 Ng5 36. Nb6 Nf6 37. Ke1 Nfxe4 38. fxe4 Nf3+ 39. Kd1 Nxh2 40. Qxh5 gxh5 41. Ke2 Ng4 42. Rc1 Nf2 43. Nc8 h2 44. Ne7+ Kh7 45. Nf5 h1Q 46. Rxh1 Nxh1 47. Kf3 Kg6 0-1

[Event "South Moravia Region-chT 2223"]
[Site "Czech Republic"]
[Date "2022.11.27"]
[Round "4.3"]
[White "Masak, Pavel"]
[Black "Kosata, Jan"]
[Result "1/2-1/2"]
[WhiteElo "2079"]
[BlackElo "2074"]
[PlyCount "35"]
[EventDate "2022.10.09"]
[EventType "team-tourn"]
[EventRounds "11"]
[EventCountry "CZE"]
[SourceTitle "EXT 2024"]
[Source "ChessBase"]
[SourceDate "2023.10.10"]
[SourceVersion "1"]
[SourceVersionDate "2023.10.10"]
[SourceQuality "1"]

1. d4 Nf6 2. Nf3 e6 3. Bg5 d5 4. c3 c5 5. e3 Nbd7 6. Nbd2 Be7 7. Be2 0-0 8. 0-0 b6 9. Rc1 Bb7 10. Re1 h6 11. Bh4 Ne4 12. Bxe7 Qxe7 13. Nxe4 dxe4 14. Nd2 e5 15. dxc5 Nxc5 16. Qc2 Rfd8 17. Rcd1 f5 18. Nb3 1/2-1/2

[Event "South Moravia Region-chT 2223"]
[Site "Czech Republic"]
[Date "2022.11.13"]
[Round "3.6"]
[White "Zuziak, Petr"]
[Black "Kosata, Jan"]
[Result "1/2-1/2"]
[WhiteElo "1778"]
[BlackElo "2074"]
[PlyCount "131"]
[EventDate "2022.10.09"]
[EventType "team-tourn"]
[EventRounds "11"]
[EventCountry "CZE"]
[SourceTitle "EXT 2024"]
[Source "ChessBase"]
[SourceDate "2023.10.10"]
[SourceVersion "1"]
[SourceVersionDate "2023.10.10"]
[SourceQuality "1"]

1. Nf3 c5 2. c4 Nc6 3. e3 Nf6 4. b3 g6 5. Bb2 Bg7 6. Nc3 0-0 7. Be2 d5 8. cxd5 Nxd5 9. a3 b6 10. 0-0 Bb7 11. Qc2 Rc8 12. Rfd1 e6 13. Rac1 Na5 14. Na4 Nf6 15. Nc3 Qe7 16. d3 h5 17. Rd2 Ng4 18. Ne4 Nf6 19. Nxf6+ Bxf6 20. Bxf6 Qxf6 21. Qb2 Qe7 22. h3 Rfd8 23. d4 cxd4 24. Rxc8 Rxc8 25. Nxd4 Bd5 26. Bf3 Bxf3 27. Nxf3 Qc7 28. Rd1 Rd8 29. Rxd8+ Qxd8 30. b4 Qd1+ 31. Kh2 Nc4 32. Qc3 b5 33. Nd4 a6 34. h4 Qg4 35. Nf3 e5 36. Qd3 Kg7 37. e4 Qf4+ 38. g3 Qc1 39. Ng5 Qd2 40. Qf3 Qd7 41. Qc3 f6 42. Nf3 Qd1 43. Kg2 Qe2 44. Qe1 Qxe1 45. Nxe1 Nxa3 46. Nd3 Nc4 47. f4 exf4 48. gxf4 Kf7 49. Kf3 a5 50. bxa5 Nxa5 51. e5 Nc4 52. Ke4 Nd2+ 53. Ke3 Nf1+ 54. Kd4 Ng3 55. Kc5 Nf5 56. Kxb5 Nxh4 57. Kc5 Ke6 58. Kd4 fxe5+ 59. fxe5 g5 60. Ke4 Ke7 61. Nf2 g4 62. Kf4 Ng6+ 63. Kg5 Nxe5 64. Kxh5 Kf6 65. Nxg4+ Nxg4 66. Kxg4 1/2-1/2

[Event "CZE-chT2E 2122"]
[Site "Czech Republic"]
[Date "2021.11.07"]
[Round "2.3"]
[White "Kosata, Jan"]
[Black "Uricar, Jakub"]
[Result "0-1"]
[WhiteElo "2168"]
[BlackElo "2164"]
[PlyCount "128"]
[EventDate "2021.10.17"]
[EventType "team-tourn"]
[EventRounds "11"]
[EventCountry "CZE"]
[SourceTitle "EXT 2024"]
[Source "ChessBase"]
[SourceDate "2023.10.10"]
[SourceVersion "1"]
[SourceVersionDate "2023.10.10"]
[SourceQuality "1"]
[WhiteTeam "Kurim"]
[BlackTeam "Prusanky Podluzan"]
[WhiteTeamCountry "CZE"]
[BlackTeamCountry "CZE"]

1. e4 c5 2. Nf3 Nc6 3. d4 cxd4 4. Nxd4 g6 5. c4 Bg7 6. Be3 Nf6 7. Nc3 Ng4 8. Qxg4 Nxd4 9. Qd1 e5 10. Bd3 0-0 11. 0-0 d6 12. Qd2 f5 13. Bg5 Bf6 14. Bxf6 Qxf6 15. Nd5 Qg7 16. f4 Be6 17. Rae1 Bxd5 18. cxd5 fxe4 19. Rxe4 Rae8 20. Qb4 Qc7 21. Rfe1 a5 22. Qd2 Qc5 23. Kh1 Qxd5 24. b3 Kg7 25. fxe5 dxe5 26. Bc4 Qc5 27. a4 Re7 28. Qe3 Rfe8 29. Rh4 Kh8 30. Bb5 Rd8 31. Re4 b6 32. h3 Nxb5 33. Qxc5 bxc5 34. axb5 Rb8 35. Rxe5 Rxe5 36. Rxe5 Rxb5 37. Re3 Kg7 38. Kg1 Kf6 39. Kf2 Rb7 40. Rf3+ Ke5 41. Ke2 Kd5 42. Kd2 c4 43. bxc4+ Kxc4 44. Kc2 Re7 45. Rf4+ Kb5 46. Rg4 Re2+ 47. Kb3 a4+ 48. Ka3 Re3+ 49. Kb2 a3+ 50. Ka2 Kc5 51. h4 Kd5 52. h5 gxh5 53. Rg5+ Re5 54. Rg7 h6 55. Rg6 Re6 56. Rg3 Kd4 57. Rg7 Ra6 58. Rd7+ Ke5 59. Rc7 Kf4 60. Rg7 h4 61. Rg8 Ra5 62. Rh8 h5 63. Rh6 Rg5 64. Kxa3 Kg3 0-1

[Event "CZE-chT2E 1920"]
[Site "Czech Republic"]
[Date "2019.11.03"]
[Round "2.5"]
[White "Kosata, Jan"]
[Black "Kratochvil, Karel"]
[Result "1-0"]
[WhiteElo "2074"]
[BlackElo "2128"]
[PlyCount "91"]
[EventDate "2019.10.13"]
[EventType "team-tourn"]
[EventRounds "11"]
[EventCountry "CZE"]
[SourceTitle "EXT 2024"]
[Source "ChessBase"]
[SourceDate "2023.10.10"]
[SourceVersion "1"]
[SourceVersionDate "2023.10.10"]
[SourceQuality "1"]
[WhiteTeam "Kurim"]
[BlackTeam "Brno Lokomotiva"]
[WhiteTeamCountry "CZE"]
[BlackTeamCountry "CZE"]

1. c4 Nf6 2. Nc3 g6 3. g3 Bg7 4. Bg2 e5 5. Nf3 Nc6 6. d3 0-0 7. 0-0 d6 8. Rb1 a5 9. a3 Bf5 10. h3 Qd7 11. Kh2 e4 12. Ne1 exd3 13. Nxd3 Rfe8 14. Bf4 Qe6 15. Bd5 Qc8 16. Bg2 Ne4 17. Rc1 Nxc3 18. bxc3 Qe6 19. g4 Be4 20. f3 Bxd3 21. exd3 Qe2 22. Rc2 Qxd1 23. Rxd1 Ne5 24. Kg3 h6 25. h4 Rad8 26. Bf1 Nd7 27. d4 Nf8 28. Re2 Rxe2 29. Bxe2 Re8 30. Bd3 Ne6 31. Bd2 c5 32. d5 Nf8 33. Rb1 Rb8 34. Bf4 Be5 35. Bxe5 dxe5 36. f4 Nd7 37. g5 Kg7 38. f5 b6 39. f6+ Kh7 40. Bc2 hxg5 41. hxg5 b5 42. Rxb5 Rxb5 43. cxb5 Nb6 44. d6 Kg8 45. Be4 Kf8 46. Bc6 1-0

[Event "CZE-chT2E 1617"]
[Site "Czech Republic"]
[Date "2017.03.19"]
[Round "10.2"]
[White "Vitak, Pavel"]
[Black "Kosata, Jan"]
[Result "1/2-1/2"]
[WhiteElo "2250"]
[BlackElo "2149"]
[PlyCount "124"]
[EventDate "2016.09.10"]
[EventType "team-tourn"]
[EventRounds "11"]
[EventCountry "CZE"]
[SourceTitle "EXT 2022"]
[Source "ChessBase"]
[SourceDate "2021.10.06"]
[SourceVersion "1"]
[SourceVersionDate "2021.10.06"]
[SourceQuality "1"]
[WhiteTeam "Vsetin"]
[BlackTeam "Kurim"]
[WhiteTeamCountry "CZE"]
[BlackTeamCountry "CZE"]

1. e4 c5 2. Nf3 Nc6 3. Bb5 g6 4. Bxc6 dxc6 5. d3 Bg7 6. h3 Nf6 7. Nc3 0-0 8. Be3 Nd7 9. Qd2 e5 10. Bh6 Qe7 11. Bxg7 Kxg7 12. 0-0-0 f6 13. Qe3 Rf7 14. Nd2 Nb6 15. f4 Be6 16. g4 exf4 17. Qxf4 Qc7 18. Qe3 Nd7 19. Rhf1 Raf8 20. Rf2 b6 21. Kb1 Ne5 22. Rg1 Qd7 23. Qg3 h6 24. Ne2 Re7 25. Nf4 Bg8 26. Nf3 Nxf3 27. Qxf3 Qe8 28. h4 Bh7 29. b3 Re5 30. Qg3 Qe7 31. Rgf1 Kh8 32. Ne2 Kg7 33. Nc3 Bg8 34. Kb2 Rf7 35. Nd1 Qc7 36. Ne3 Re6 37. Rf3 Qe5+ 38. Qxe5 fxe5 39. g5 h5 40. a4 Re8 41. Kc3 Ref8 42. Rxf7+ Rxf7 43. Rxf7+ Bxf7 44. a5 Kf8 45. b4 cxb4+ 46. Kxb4 Ke7 47. axb6 axb6 48. Nd1 Kd6 49. Nb2 Kc7 50. Na4 Be6 51. Kc3 Bd7 52. Nb2 Be6 53. d4 Kd6 54. Nd3 exd4+ 55. Kxd4 c5+ 56. Ke3 Bf7 57. Kf4 b5 58. c3 Be8 59. Ke3 Bf7 60. Kf4 Be8 61. Ke3 Bf7 62. Kf4 Be8 1/2-1/2

[Event "CZE-chT2E 1617"]
[Site "Czech Republic"]
[Date "2016.10.23"]
[Round "2.2"]
[White "Kosata, Jan"]
[Black "Nepomucky, Ondrej"]
[Result "1/2-1/2"]
[WhiteElo "2149"]
[BlackElo "2215"]
[PlyCount "32"]
[EventDate "2016.09.10"]
[EventType "team-tourn"]
[EventRounds "11"]
[EventCountry "CZE"]
[SourceTitle "EXT 2022"]
[Source "ChessBase"]
[SourceDate "2021.10.06"]
[SourceVersion "1"]
[SourceVersionDate "2021.10.06"]
[SourceQuality "1"]
[WhiteTeam "Kurim"]
[BlackTeam "Brno Duras II"]
[WhiteTeamCountry "CZE"]
[BlackTeamCountry "CZE"]

1. e4 e5 2. Nf3 Nf6 3. Nxe5 d6 4. Nf3 Nxe4 5. Nc3 Nxc3 6. dxc3 Nc6 7. Bf4 Be7 8. Qd2 Bg4 9. Be2 Qd7 10. h3 Bf5 11. 0-0-0 a6 12. Rhe1 Bg6 13. Bc4 0-0-0 14. Bd5 Rhe8 15. Nd4 Nxd4 16. cxd4 Bf8 1/2-1/2

[Event "CZE-chT2E 1516"]
[Site "Czech Republic"]
[Date "2016.02.21"]
[Round "8.3"]
[White "Kosata, Jan"]
[Black "Pakosta, Miroslav"]
[Result "1/2-1/2"]
[WhiteElo "2159"]
[BlackElo "2161"]
[PlyCount "80"]
[EventDate "2015.10.18"]
[EventType "team-tourn"]
[EventRounds "11"]
[EventCountry "CZE"]
[SourceTitle "EXT 2022"]
[Source "ChessBase"]
[SourceDate "2021.10.06"]
[SourceVersion "1"]
[SourceVersionDate "2021.10.06"]
[SourceQuality "1"]
[WhiteTeam "Kurim"]
[BlackTeam "Jundrov Jezdci"]
[WhiteTeamCountry "CZE"]
[BlackTeamCountry "CZE"]

1. c4 c5 2. Nc3 Nc6 3. g3 e5 4. Bg2 g6 5. e3 Bg7 6. Nge2 d6 7. 0-0 Nge7 8. a3 0-0 9. Rb1 a5 10. d3 Bf5 11. b3 Qd7 12. Bb2 Bh3 13. Nd5 Bxg2 14. Kxg2 Nxd5 15. cxd5 Ne7 16. e4 b5 17. f4 f6 18. fxe5 fxe5 19. Qd2 Qg4 20. Ng1 Qh5 21. Rxf8+ Bxf8 22. Bc1 Qg4 23. Nf3 Bg7 24. Qe2 h6 25. Bd2 Qd7 26. h4 Kh7 27. Rf1 Ng8 28. Qe1 b4 29. a4 Nf6 30. Be3 Nh5 31. Nh2 Rf8 32. Rxf8 Bxf8 33. Qf2 Bg7 34. Qf3 Nf6 35. g4 h5 36. gxh5 Nxh5 37. Ng4 Qe7 38. Bg5 Qe8 39. Kf2 Qd7 40. Kg2 Qe8 1/2-1/2

[Event "CZE-chT2E 1516"]
[Site "Czech Republic"]
[Date "2016.02.07"]
[Round "7.3"]
[White "Adamcik, Martin"]
[Black "Kosata, Jan"]
[Result "1/2-1/2"]
[WhiteElo "2124"]
[BlackElo "2159"]
[PlyCount "87"]
[EventDate "2015.10.18"]
[EventType "team-tourn"]
[EventRounds "11"]
[EventCountry "CZE"]
[SourceTitle "EXT 2022"]
[Source "ChessBase"]
[SourceDate "2021.10.06"]
[SourceVersion "1"]
[SourceVersionDate "2021.10.06"]
[SourceQuality "1"]
[WhiteTeam "Prostejov"]
[BlackTeam "Kurim"]
[WhiteTeamCountry "CZE"]
[BlackTeamCountry "CZE"]

1. Nf3 d5 2. d4 Nf6 3. c4 c6 4. Nc3 dxc4 5. a4 Bf5 6. e3 e6 7. Bxc4 Bb4 8. 0-0 0-0 9. Qe2 Nbd7 10. Rd1 Qa5 11. Bd2 e5 12. Na2 Bxd2 13. Qxd2 Qc7 14. h3 Rad8 15. Qe2 h6 16. Nc3 e4 17. Nd2 Nb6 18. Bb3 Qe7 19. a5 Nbd5 20. Nxd5 cxd5 21. Rdc1 Bd7 22. Rc5 b6 23. Rc7 Ra8 24. Bd1 Qd6 25. Rc3 Rfc8 26. Rxc8+ Rxc8 27. Nb3 Rc4 28. Qd2 Ba4 29. axb6 axb6 30. Na5 bxa5 31. Rxa4 Rxa4 32. Bxa4 Qc7 33. Qc2 Qxc2 34. Bxc2 Nd7 35. Bb3 Nb6 36. Kf1 Kf8 37. Ke2 Ke7 38. Kd2 Kd6 39. Kc3 f5 40. Bd1 g6 41. b4 axb4+ 42. Kxb4 Nd7 43. Kb5 g5 44. Be2 1/2-1/2

[Event "CZE-chT2E 1516"]
[Site "Czech Republic"]
[Date "2016.01.24"]
[Round "6.3"]
[White "Kosata, Jan"]
[Black "Stanec, Stanislav"]
[Result "1-0"]
[WhiteElo "2159"]
[BlackElo "2099"]
[PlyCount "105"]
[EventDate "2015.10.18"]
[EventType "team-tourn"]
[EventRounds "11"]
[EventCountry "CZE"]
[SourceTitle "EXT 2022"]
[Source "ChessBase"]
[SourceDate "2021.10.06"]
[SourceVersion "1"]
[SourceVersionDate "2021.10.06"]
[SourceQuality "1"]
[WhiteTeam "Kurim"]
[BlackTeam "Prusanky Podluzan"]
[WhiteTeamCountry "CZE"]
[BlackTeamCountry "CZE"]

1. d4 Nf6 2. Nf3 g6 3. Bg5 Bg7 4. Nbd2 d6 5. c3 0-0 6. e4 c5 7. Bd3 cxd4 8. cxd4 Nc6 9. 0-0 Bg4 10. h3 Bd7 11. a3 Re8 12. Rc1 h6 13. Be3 a6 14. d5 Na7 15. Nc4 Nc8 16. Qd2 h5 17. Na5 Bb5 18. Nxb7 Qd7 19. Na5 e6 20. Rfd1 exd5 21. exd5 Bxd3 22. Qxd3 Ne7 23. b4 Nexd5 24. Bg5 Re6 25. Rc6 Nc7 26. Rxd6 Rxd6 27. Qxd6 Qxd6 28. Rxd6 Ne4 29. Rc6 Nb5 30. Nc4 Nxg5 31. Nxg5 Bh6 32. Ne4 Bg7 33. Nc5 a5 34. bxa5 Nxa3 35. Nxa3 Rxa5 36. Rc8+ Kh7 37. Nc2 Rb5 38. g3 Rb1+ 39. Kg2 Rb2 40. Ne4 Rb7 41. Ne3 Bd4 42. Nd5 Kg7 43. Rd8 Ba1 44. Nd6 Ra7 45. Ne8+ Kh6 46. Ndc7 Be5 47. Rd7 f6 48. Re7 Ra2 49. Ne6 Bc3 50. Rf7 Ra6 51. N8c7 Rc6 52. h4 g5 53. Nf8 1-0

[Event "CZE-chT2E 1516"]
[Site "Czech Republic"]
[Date "2016.01.10"]
[Round "5.3"]
[White "Dvorak, Adam"]
[Black "Kosata, Jan"]
[Result "1/2-1/2"]
[WhiteElo "2228"]
[BlackElo "2159"]
[PlyCount "82"]
[EventDate "2015.10.18"]
[EventType "team-tourn"]
[EventRounds "11"]
[EventCountry "CZE"]
[SourceTitle "EXT 2022"]
[Source "ChessBase"]
[SourceDate "2021.10.06"]
[SourceVersion "1"]
[SourceVersionDate "2021.10.06"]
[SourceQuality "1"]
[WhiteTeam "Brno Lokomotiva II"]
[BlackTeam "Kurim"]
[WhiteTeamCountry "CZE"]
[BlackTeamCountry "CZE"]

1. d4 Nf6 2. g3 e6 3. Bg2 d5 4. Nf3 Be7 5. 0-0 0-0 6. c4 dxc4 7. Ne5 Nc6 8. Nxc6 bxc6 9. Qc2 Nd5 10. Qxc4 Rb8 11. Rd1 Rb6 12. e4 Ba6 13. Qa4 Bb5 14. Qc2 Nb4 15. Qd2 c5 16. dxc5 Qxd2 17. Nxd2 Bxc5 18. Nb3 Nc2 19. Rb1 Bd6 20. Bd2 Bc4 21. Nc1 Na3 22. Ra1 Rxb2 23. Bc3 Rbb8 24. e5 Bc5 25. Nd3 Bb6 26. Bb4 Nc2 27. Rac1 Nxb4 28. Nxb4 Bb5 29. Bc6 a5 30. Bxb5 axb4 31. Bc4 Rfd8 32. Kf1 Kf8 33. Bb3 Ke7 34. Ke2 Ra8 35. Rxd8 Rxd8 36. Rc4 Rd5 37. f4 c5 38. Rc1 Rd4 39. Rd1 Rxd1 40. Kxd1 c4 41. Bxc4 Bd4 1/2-1/2

[Event "CZE-chT2E 1516"]
[Site "Czech Republic"]
[Date "2015.12.06"]
[Round "4.3"]
[White "Kosata, Jan"]
[Black "Walek, Petr"]
[Result "1-0"]
[WhiteElo "2159"]
[BlackElo "2153"]
[PlyCount "113"]
[EventDate "2015.10.18"]
[EventType "team-tourn"]
[EventRounds "11"]
[EventCountry "CZE"]
[SourceTitle "EXT 2022"]
[Source "ChessBase"]
[SourceDate "2021.10.06"]
[SourceVersion "1"]
[SourceVersionDate "2021.10.06"]
[SourceQuality "1"]
[WhiteTeam "Kurim"]
[BlackTeam "Dalesice Pivovar"]
[WhiteTeamCountry "CZE"]
[BlackTeamCountry "CZE"]

1. d4 Nf6 2. Nf3 g6 3. Bg5 Ne4 4. Bf4 Bg7 5. e3 b6 6. c3 Bb7 7. Bd3 d5 8. Nbd2 Nxd2 9. Nxd2 Nd7 10. 0-0 e5 11. dxe5 Nxe5 12. Be2 0-0 13. Qc2 c5 14. Rad1 Qe7 15. Rfe1 Rad8 16. Nf3 Rfe8 17. Bg3 Ba8 18. b3 h5 19. h3 Nxf3+ 20. Bxf3 h4 21. Bh2 Qf6 22. Rd3 d4 23. Bxa8 Rxa8 24. cxd4 cxd4 25. Qd2 Rad8 26. e4 Re6 27. e5 Qe7 28. Rxd4 Re8 29. Rd5 a5 30. a4 f6 31. f4 Rf8 32. Rd7 Qc5+ 33. Kh1 fxe5 34. Rd5 Qa3 35. Rb5 Kh7 36. fxe5 Qe7 37. Bf4 Rf5 38. Qd4 Qf7 39. Re4 g5 40. Be3 Rf1+ 41. Bg1 Qf5 42. Qe3 Bf8 43. Rg4 Be7 44. Kh2 Bf6 45. Re4 Be7 46. Qe2 Rf4 47. Rxf4 Qxf4+ 48. Kh1 Kg7 49. Qg4 Qf7 50. Bxb6 Rc6 51. Be3 Qg6 52. Rb7 Kf8 53. Qf3+ Ke8 54. Rb8+ Kd7 55. Qd5+ Kc7 56. Ra8 Bb4 57. Qd8+ 1-0

[Event "CZE-chT2E 1314"]
[Site "Czech Republic"]
[Date "2014.01.19"]
[Round "6.3"]
[White "Sojka, Ales"]
[Black "Kosata, Jan"]
[Result "1/2-1/2"]
[WhiteElo "2113"]
[BlackElo "2115"]
[PlyCount "41"]
[EventDate "2013.11.03"]
[EventType "team-tourn"]
[EventRounds "11"]
[EventCountry "CZE"]
[SourceTitle "EXT 2016"]
[Source "ChessBase"]
[SourceDate "2015.10.08"]
[SourceVersion "1"]
[SourceVersionDate "2015.10.08"]
[SourceQuality "1"]
[WhiteTeam "Kromeriz Slavia II"]
[BlackTeam "Kurim"]
[WhiteTeamCountry "CZE"]
[BlackTeamCountry "CZE"]

1. e4 c6 2. d4 d5 3. exd5 cxd5 4. c4 Nf6 5. Nc3 Nc6 6. Nf3 Bg4 7. cxd5 Nxd5 8. Bc4 e6 9. 0-0 Nxc3 10. bxc3 Bd6 11. h3 Bxf3 12. Qxf3 0-0 13. Rd1 Na5 14. Bd3 Rc8 15. Qe4 g6 16. Bh6 Re8 17. Bb5 Nc6 18. c4 a6 19. Ba4 Qa5 20. Bb3 Qh5 21. Bf4 1/2-1/2

[Event "CZE-chT2E 1314"]
[Site "Czech Republic"]
[Date "2014.01.05"]
[Round "5.4"]
[White "Kosata, Jan"]
[Black "Sekanina, Jiri"]
[Result "1-0"]
[WhiteElo "2115"]
[BlackElo "2112"]
[PlyCount "63"]
[EventDate "2013.11.03"]
[EventType "team-tourn"]
[EventRounds "11"]
[EventCountry "CZE"]
[SourceTitle "EXT 2016"]
[Source "ChessBase"]
[SourceDate "2015.10.08"]
[SourceVersion "1"]
[SourceVersionDate "2015.10.08"]
[SourceQuality "1"]
[WhiteTeam "Kurim"]
[BlackTeam "Lipovec Garde"]
[WhiteTeamCountry "CZE"]
[BlackTeamCountry "CZE"]

1. e4 c5 2. Nf3 d6 3. d4 cxd4 4. Nxd4 Nf6 5. Nc3 a6 6. Be2 e6 7. f4 Be7 8. 0-0 0-0 9. Kh1 Qc7 10. Bf3 Nc6 11. Nxc6 bxc6 12. Be3 Rb8 13. b3 c5 14. Ne2 Bb7 15. Qd3 d5 16. e5 Ne4 17. c4 f5 18. exf6 Nxf6 19. cxd5 exd5 20. Rac1 Qa5 21. Rc2 Rfd8 22. f5 Qb5 23. Qxb5 axb5 24. Bxc5 Rdc8 25. Rfc1 Bd8 26. Bd4 Rxc2 27. Rxc2 Ba5 28. h3 Ne4 29. a3 b4 30. axb4 Bxb4 31. Rc7 Bf8 32. Be5 1-0

[Event "CZE-chT2E 1314"]
[Site "Czech Republic"]
[Date "2013.11.03"]
[Round "1.2"]
[White "Kosata, Jan"]
[Black "Vymazal, Bronislav"]
[Result "0-1"]
[WhiteElo "2115"]
[BlackElo "2324"]
[PlyCount "82"]
[EventDate "2013.11.03"]
[EventType "team-tourn"]
[EventRounds "11"]
[EventCountry "CZE"]
[SourceTitle "EXT 2016"]
[Source "ChessBase"]
[SourceDate "2015.10.08"]
[SourceVersion "1"]
[SourceVersionDate "2015.10.08"]
[SourceQuality "1"]
[WhiteTeam "Kurim"]
[BlackTeam "Brno Lokomotiva II"]
[WhiteTeamCountry "CZE"]
[BlackTeamCountry "CZE"]

1. c4 Nf6 2. Nc3 c5 3. Nf3 e6 4. d4 cxd4 5. Nxd4 Bb4 6. Ndb5 d5 7. cxd5 exd5 8. Bg5 0-0 9. a3 Bxc3+ 10. Nxc3 d4 11. Ne4 Re8 12. Nxf6+ gxf6 13. Bf4 Bg4 14. f3 Bf5 15. g4 Bg6 16. Kf2 Qb6 17. Qd2 Nc6 18. Rc1 Rad8 19. Kg3 Rd7 20. h4 h6 21. b4 d3 22. exd3 Nd4 23. Qf2 h5 24. Rc4 Red8 25. Be3 Qd6+ 26. Kh3 Ne6 27. Rg1 b5 28. Rc3 Kh7 29. gxh5 Bf5+ 30. Kg2 Qe5 31. d4 Nxd4 32. Rc5 Qe6 33. Kh1 Nxf3 34. Rxf5 Qxf5 35. Rg3 Nxh4 36. Bh3 Rd1+ 37. Kh2 Qxf2+ 38. Bxf2 R8d2 39. Rg4 Rxf2+ 40. Kg3 Rf3+ 41. Kxh4 Rh1 0-1